000 00621nam a2200253Ia 4500
008 210210b1951 xxu||||| |||| 00| 0 eng d
041 _aeng
082 _a590/155
100 _aHYMAN (L H)
245 _aInvertebrates II: Platyhelminthes and Rhynchocoela the Ocoelomate Bilateria
260 _aNew York
_bMc Graw Hill Book Co.,
_c1951
300 _avii,550
440 _a2
650 _athe
650 _aRhynchocoela
650 _aPlatyhelminthes
650 _aOcoelomate
650 _aInvertebrates
650 _aII:
650 _aBilateria
650 _aand
690 _aZoology
906 _a010727
999 _c138513
_d138513